Les 5 Capitales les plus proches Bratislava, Vienne et Prague - Statistiques

Statistiques générales
  • Ce quiz a été pris 102 fois
  • Le résultat moyen est 6 sur 7
Statistiques - réponses
Réponse % Correct
Berlin
97%
Vienne
93%
Budapest
91%
Bratislava
90%
Prague
88%
Zagreb
80%
Ljubljana
62%
Aucun quiz correspondant
Distribution des résultats
% des personnes avec chaque résultat
Percentile par nombre de réponses
Votre historique - résultats
Vous n’avez pas pris ce quiz